000 00288nam a22001217a 4500
008 180111b xxu||||| |||| 00| 0 eng d
041 _aeng
080 _a821
100 _a21
101 _aGJL
245 _aHistory, Psychology, & Science: Selected Papers
_cWatson, R.I
942 _2udc
_cBK
999 _c40083
_d40083